00617nam a22002177a 450000500170000001000110001702000100002803500110003803700160004904000120006508200160007724500940009324600060018726000430019327000460023630000200028250000200030265000180032265000400034070000190038020170124105936.0 a857018 c00.00 a857018 bCen Lib/Ret aDPLbEN a328.54bPAR aParliament of india :cedited by S.L. Shakdher bthe fifth lok sabha 1971-1977, a study / b  bIndus International aNew Delhi c1977 bNew Delhie110002a8, netaji subhash marg a401p.c20cm(Hb) aIncludes index  aLok sabha z  aParliamentray elections y1971-9177 aShakdher, S.L.